000 01002nam a22002537a 4500
005 20170124102923.0
010 _aB-158129
020 _c80.00
_a8180654553
035 _aB-158129
037 _bCen Lib/Ret
040 _aDPL
_bHN
082 _a821
_bनिवेदि
100 _aनिवेदिता
_94570
245 _aक्योंकि नीरा मेरी माँ है /
_cनिवेदिता
246 _akyonki neera meri maa hai /
_bby Nivedita
260 _aगाज़ियबाद
_bमगध प्रकाशन
_c2004
270 _aइ -385 सी, सपना घर , प्रताप विहार
_bगाज़ियबाद
_e201009
300 _a80पृ.
_c21सेमी(अजिल्द)
650 _aहिन्दी साहित्य
_942622
650 _aकवितायें
_942623
650 _aHindi literature
_942624
650 _aPoetry
_942625
942 _2ddc
_cHN
_h821
_mनिवेदि
999 _c111402
_d111402